LEADER 01141nam a2200277 i 4500 001 000000152796 003 CaOOAMICUS 005 20060919000000.0 008 060919s1952 it u000 u ita u 013 $a130137 040 $aSeMil$bita 100 1 $aLugli, Vittorio.$0(OLS)http://semarc/name/36749 245 10$aDante e Balzac :$bcon altri italiani e francesi /$cVittorio Lugli. 260 $aNapoli :$bEdizioni Scientifiche Italiane,$c1952. 300 $a349 p. ;$c22 cm. 490 0 $aCollana di saggi ;$v11. 500 $aFondo Ciprandi. 600 14$aAlighieri, Dante <1265-1321>.$0(OLS)http://semarc/subject/2905 600 14$aBalzac, Honoré : de <1799-1850>.$0(OLS)http://semarc/subject/8750 830 0$aCollana di saggi ;$v11.$0(OLS)http://semarc/title/13197 850 $aSeMil 852 $aSeMil$W1$xVenegono$y1$m1C IV 123$j104741$B104741$CSeMilBibl$Z2$F113901 $81 941 1 $a1 961 $aOmaggio: Ciprandi dott. Paolo 996 $6245$aDante e Balzac :$bcon altri italiani e francesi$9(OLS)http://semarc/title/223428 996 $6260$aNapoli :$bEdizioni Scientifiche Italiane$9(OLS)http://semarc/publisher/30654 LEADER 01221nam a2200313 i 4500 001 000000201785 003 CaOOAMICUS 005 20110505000000.0 008 110505s1970 it u000 u ita u 013 $a180491 040 $aSeMil$bita 100 0 $aPlato,$d<427-347 a.C.>.$0(OLS)http://semarc/name/5353 245 10$aFedone /$cPlatone ; traduzione, introduzione e commento di Giovanni Reale. 250 $a5. ed. 260 $aBrescia :$bLa Scuola,$c1970. 300 $a258 p. ;$c19 cm. 490 0 $aIl pensiero : classici della filosofia commentati 500 $aFondo card. Giovanni Colombo. 650 4$aPlatone . Fedone.$0(OLS)http://semarc/subject/45044 700 1 $aReale, Giovanni,$d<1931-2014>.$0(OLS)http://semarc/name/74 830 3$aIl pensiero : classici della filosofia commentati.$0(OLS)http://semarc/title/6768 850 $aSeMil 852 $aSeMil$W1$xVenegono$y1$m2P I 757$j152311$B152311$CSeMilBibl$Z2$F165580 $81 900 0 $aPlatone. 941 1 $a3 961 $aLascito: Colombo Card. Giovanni 996 $6245$aFedone$9(OLS)http://semarc/title/103370 996 $6260$aBrescia :$bLa Scuola$9(OLS)http://semarc/publisher/29831